000
00291nam a22001217a 4500
005
20170628110904.0
008
170628b xxu||||| |||| 00| 0 eng d
022
_a
0022-4456
245
_a
Journal of Scientific & Industrial Research
260
_b
Niscair
_c
Delhi
300
_a
70
942
_c
JRL
999
_c
5489
_d
5487